Próbaüzem a műjégpályán Nyitás : szombaton délután 2 órakor /
Elmentve itt :
| Szerző: | |
|---|---|
| Dokumentumtípus: | Cikk |
| Megjelent: |
1986-12-19
|
| Sorozat: | Délmagyarország
76 No. 298 |
| Kulcsszavak: | sportlétesítmények |
| Online Access: | http://dmarchiv.bibl.u-szeged.hu/111171 |
| LEADER | 00501nab a2200157 i 4500 | ||
|---|---|---|---|
| 001 | delm111171 | ||
| 005 | 20190911080903.0 | ||
| 008 | 190911s1986 hu o 0|| hun d | ||
| 040 | |a SZTE Délmagyarország Archívum |b hun | ||
| 041 | |a hun | ||
| 100 | 1 | |a Bátyi Zoltán | |
| 245 | 1 | 0 | |a Próbaüzem a műjégpályán |h [elektronikus dokumentum] : |b Nyitás : szombaton délután 2 órakor / |c Bátyi Zoltán |
| 260 | |c 1986-12-19 | ||
| 300 | |a 5 | ||
| 490 | 0 | |a Délmagyarország |v 76 No. 298 | |
| 695 | |a sportlétesítmények | ||